| 000 | 00717nam a2200205 a 4500 | ||
|---|---|---|---|
| 001 | 000042984 | ||
| 005 | 20201002040541.0 | ||
| 008 | 140214s2010 sp 000 0 spa d | ||
| 020 | _a9788482602417 | ||
| 040 |
_aDO-SdBNP _bspa _cBNPHU |
||
| 082 |
_axxxxxxx _bxxxxxx |
||
| 245 | 0 | 0 |
_aCiencia e Investigación en la sociedad actual / _ccoordinadores Fafián Maceiras, Luis Méndez Francisco. |
| 260 |
_aSalamanca, : _bSan esteban, _c2010. |
||
| 300 |
_a305 p. ; _c21 cm. |
||
| 490 | 1 |
_aAletheia _v50 |
|
| 504 | _aIncluye referencias bibligoráficas y notas al pie de las páginas | ||
| 700 | 1 |
_aMaceiras, Fafián, _ecoord. _970486 |
|
| 700 | 1 |
_aMéndez Francisco, Luis, _ecoord. _970487 |
|
| 830 | 0 |
_aAletheia _n50 _970488 |
|
| 999 |
_c42473 _d42473 |
||